Things that begin with H - Statistics

General Stats
  • This quiz has been taken 190 times
  • The average score is 13 of 15
Answer Stats
Hint Answer % Correct
Opposite to cold Hot
100%
You smile when you feel Happy
99%
Common greeting Hello
98%
Something you wear on your head Hat
97%
Product that bees produce Honey
97%
The end part of the arm Hand
96%
Place where you live House
96%
String instrument associated with angels Harp
93%
Person who caused the above Hitler
88%
Capital of Cuba Havana
86%
Genocide of Jews, Slavs, POWs and more Holocaust
84%
Meat on the leg of a pig Ham
81%
Noise a car makes when a button is pressed Honk
80%
Semi-aquatic animal in Sub Saharan Africa Hippopotamus
68%
Island containing Haiti and Dominican Republic Hispaniola
56%
No matching quizzes found
Score Distribution
Percent of People with Each Score
Percentile by Number Answered
Your Score History
You have not taken this quiz